LEADER 01151nam0 2200277 i 450 001 SUN0004581 005 20120313123652.405 100 $a20020724d1990 |0itac50 ba 101 $aita 102 $aIT 105 $a|||| ||||| 200 1 $aEconomia pubblica e programmazione$fGiuseppe Palma 205 $a3. rist 210 $aNapoli$cEditoriale scientifica$d[1990] 215 $a117 p.$d24 cm. 410 1$1001SUN0037447$12001 $aManuali, testi e documenti per l'universitą$1210 $aNapoli$cEditoriale scientifica. 620 $dNapoli$3SUNL000005 676 $a343.4507$cRegolamentazione dell'attivitą economica. Italia$v21 700 1$aPalma$b, Giuseppe$3SUNV003867$0118911 712 $aEditoriale scientifica$3SUNV000091$4650 801 $aIT$bSOL$c20181109$gRICA 912 $aSUN0004581 950 $aUFFICIO DI BIBLIOTECA DEL DIPARTIMENTO DI GIURISPRUDENZA$d00 CONS IV.Ea.11 $e00 4941 995 $aUFFICIO DI BIBLIOTECA DEL DIPARTIMENTO DI GIURISPRUDENZA$h4941$kCONS IV.Ea.11$op$qa 996 $aEconomia pubblica e programmazione$9577362 997 $aUNICAMPANIA LEADER 01258nam--2200397---450- 001 990002792570203316 005 20060727094124.0 010 $a88-435-7474-4 035 $a000279257 035 $aUSA01000279257 035 $a(ALEPH)000279257USA01 035 $a000279257 100 $a20060727h2000----km-y0itay50------ba 101 $aita 102 $aIT 105 $aa---||||001yy 200 1 $aCrypta Balbi$eMuseo nazionale romano 210 $aMilano$cElecta$dcopyr. 2000 215 $a95 p., [1] tav. ripieg.$cill.$d24 cm 225 2 $aElecta per la Soprintendenza archeologica di Roma$iGuide 300 $aIn testa al front.: Ministero per i beni e le attivita culturali, Soprintendenza archeologica di Roma 410 0$12001$aElecta per la Soprintendenza archeologica di Roma$iGuide 454 1$12001 461 1$1001-------$12001 606 0 $aOggetti di scavo$yRoma 607 $aRoma$xMuseo nazionale romano 676 $a708.5632 712 01$aItalia : Soprintendenza archeologica di Roma 801 0$aIT$bsalbc$gISBD 912 $a990002792570203316 951 $aI MU ROM 8$b4970 DBC$cI MU 959 $aBK 969 $aDBC 979 $aDBC$b90$c20060727$lUSA01$h0941 996 $aCrypta Balbi$9996100 997 $aUNISA